000 00780nam a2200241Ia 4500
003 OSt
005 20220923223522.0
006 a|||||r|||| 00| 0
007 ta
008 Pun
024 _a218,505
037 _cTextual
040 _aARTS
_cARTS
_bPun
041 _2Pun
_aPun
082 _aO153,1:g(Q2:457), P3
100 _aਘੁੰਮਣ, ਆਸਾ ਸਿੰਘ
245 0 _aਸੁੰਦਰ ਮੁੰਦਰੀਏ ਹੋ
_b ਲੋਹੜੀ ਦੇ ਲੋਕ ਗੀਤ
260 _aਅਮ੍ਰਿਤਸਰ
_b ਵਾਰਸ Fਾਹ ਫਾਉਡੇFਨ
_c2003
300 _a144ਪੰ
_ccm.
650 _aਪੰਜਾਬੀ ਸਾਹਿਤ
942 _hO153,1:g(Q2:457), P3
_cTEXL
_2CC
999 _c365913
_d365913